Дворцовые тайны. Т. 8: Султан и его враги, или Тайны константинопольского двора (Запись № 7947101)

Подробности
000 -МАРКЕР
контрольное поле 01457nam2a22002531 4500
001 - ИДЕНТИФИКАТОР ЗАПИСИ
контрольное поле rc\215363
005 - ИДЕНТИФИКАТОР ВЕРСИИ
контрольное поле 20250612181531.0
010 ## - МЕЖДУНАРОДНЫЙ СТАНДАРТНЫЙ НОМЕР КНИГИ (ISBN)
Номер (ISBN) 5-300-01083-9
035 ## - ДРУГИЕ СИСТЕМНЫЕ НОМЕРА
Идентификатор записи (NLR Aleph) 008774967
100 ## - ДАННЫЕ ОБЩЕЙ ОБРАБОТКИ
Данные общей обработки 20070321d1997 |||y0rusy50 ca
101 0# - ЯЗЫК РЕСУРСА
Язык текста, звукозаписи и т.д. русский
102 ## - СТРАНА ПУБЛИКАЦИИ ИЛИ ПРОИЗВОДСТВА
Страна публикации Российская Федерация
105 ## - ПОЛЕ КОДИРОВАННЫХ ДАННЫХ: ТЕКСТОВЫЕ МАТЕРИАЛЫ, МОНОГРАФИЧЕСКИЕ
Кодированные данные о монографическом текстовом документе a |||||||||
200 1# - ЗАГЛАВИЕ И СВЕДЕНИЯ ОБ ОТВЕТСТВЕННОСТИ
Основное заглавие Султан и его враги, или Тайны константинопольского двора
Сведения, относящиеся к заглавию Ист. романы
Первые сведения об ответственности [Пер. М. Брайниса, О. Азарьева]
Обозначение и номер части Кн. 3-4
Наименование части Железный граф
210 ## - ПУБЛИКАЦИЯ, РАСПРОСТРАНЕНИЕ И ДР.
Дата издания, распространения и т.д. 1997
Место издания, распространения и т.д. Б. м.
215 ## - ФИЗИЧЕСКАЯ ХАРАКТЕРИСТИКА
Специфическое обозначение материала и объем 415 с.
Другие сведения о физической характеристике ил.
461 #0 - УРОВЕНЬ НАБОРА
Встроенное поле 001rc\34370
-- 2001#$aДворцовые тайны$eТрилогия$eВ 6 т.$fГеорг Ф. Борн$g[Пер. с нем. М. Брайниса$gВступ. ст. О.Ю. Суровой$gОформ. худож. Б. Лаврова]$vТ. 8
-- 700#1$aБорн$bГ.$gГеорг$f1837-1902
Системный номер (АБИС) связанной записи 7138201
Автор Борн, Г. (1837-1902)
Место публикации М.
Дата публикации 1996
Первые сведения об ответственности Георг Ф. Борн
Имя издателя, распространителя и т.д. Изд. центр "Терра"
Сведения, относящиеся к заглавию Трилогия : В 6 т.
Заглавие Дворцовые тайны
ISBN 5300002992
Номер тома Т. 8
604 #1 - ИМЯ И ЗАГЛАВИЕ КАК ПРЕДМЕТ
Связываемые данные 50010$aСултан и его враги, или Тайны константинопольского двора$2psbo
Заглавие Султан и его враги, или Тайны константинопольского двора
801 #0 - ИСТОЧНИК ЗАПИСИ
Страна Российская Федерация
Организация NLR
Правила каталогизации psbo
801 #1 - ИСТОЧНИК ЗАПИСИ
Страна Российская Федерация
Организация ELAR
Источник данных rusmarc
852 ## - МЕСТОНАХОЖДЕНИЕ И ШИФР ХРАНЕНИЯ
Идентификатор организации NLR
Шифр хранения (Call Number) 96-5/1247
942 ## - ДОПОЛНИТЕЛЬНЫЕ ЭЛЕМЕНТЫ ЗАПИСИ (АБИС)
Тип экземпляра АБИС Книга
980 ## - КОЛЛЕКЦИЯ
Название коллекции Национальная библиография
Экземпляры
Тип экземпляра Дата поступления Библиотека постоянного хранения Библиотека текущего хранения Место хранения Шифр хранения Штрих-код Статус экземпляра
Книга 26.10.2013 РНБ (Московский) РНБ (Московский) Русский книжный фонд: издания с 1957 года 96-5/1247 8774967-10